00226nam a2200085Ia 4500008004100000100001300041245002800054260005000082300000800132190216s9999||||xx |||||||||||||| ||und|| aAgrawala 0aBasic Chemical Kinetics bTata Mcgraw Hill Publishing Company Ltdc1990 a214